000 00315nam a2200121Ia 4500
008 220901s9999||||xx |||||||||||||| ||und||
082 _a003 PRA
100 _aPrasad J.B
245 0 _aACCST research journal
250 _aVol. 3 (3) & 4 (2, 3 & 4)
260 _bPrasad J.B
_c2005 & 2006
650 _aComputer science
999 _c193904
_d193904